LEADER 00922nam 2200289 450 001 996710481203316 005 20260226085733.0 010 $a88-10-11157-5 100 $a20260224d1996----km y0itay5003 ba 101 0 $aita 102 $aIT 105 $ay 00 y 200 1 $aVita consecrata$eesortazione apostolica post-sinodale circa la vita consacrata e la sua missione nella Chiesa e nel mondo$fGiovanni Paolo 2 210 $aBologna$cEDB$d1996 215 $a108 p.$d22 cm 225 2 $aDocumenti$iSanta Sede$v44 410 0$12001$aDocumenti$iSanta Sede$v44 606 0 $aPaesi in via di sviluppo$xAssistenza$xConcezione cattolica$2BNCF 676 $a261.8 700 1$aIoannes Paulus II $0728394 801 0$aIT$bcba$gREICAT 912 $a996710481203316 951 $aXVI.7.Misc. 2518$b2567 FBUO$cXVI.7.Misc. 959 $aBK 969 $aFBUO 996 $aVita consecrata$94544729 997 $aUNISA